| 000 | 00338nam a2200121Ia 4500 | ||
|---|---|---|---|
| 008 | 190216s9999||||xx |||||||||||||| ||und|| | ||
| 100 | _a"Alimarin I P,Fadeeva & Dorokhova E N" | ||
| 245 | 0 | _aLecture Experiments In Analytical Chemistry | |
| 260 |
_bMir Publishers _c1976 |
||
| 300 | _a306p | ||
| 650 | _aChemistry-Chemistry | ||
| 942 | _cBK | ||
| 999 |
_c2120 _d2120 |
||